|
|
|
|
| LEADER |
00000cam a2200000 7i4500 |
| 001 |
0000003197 |
| 005 |
20050310.0 |
| 020 |
0 |
0 |
|a 9839319019
|
| 090 |
0 |
0 |
|a 684.08068
|b RAT
|
| 100 |
0 |
0 |
|a Ratnasingam, Jegatheswaran
|
| 245 |
0 |
0 |
|a All about making the cents pay for the dollars
|c Jegatheswaran Ratnasingam, Mohd. Zin Jusoh
|
| 260 |
0 |
0 |
|a [S.l.] :
|b Penerbit Universiti Pertanian Malaysia, ,
|c [199-]
|
| 300 |
|
|
|a xiv, 52 p. ;
|c 25 cm.
|
| 440 |
0 |
0 |
|a Discovering the wood industry: v.2
|
| 650 |
0 |
0 |
|a Woodworking industries
|x Management
|x Handbooks, manuals, etc.
|
| 700 |
0 |
1 |
|a Mohd. Zin Jusoh
|
| 999 |
|
|
|a 0000006120
|b Monograph
|c Open Shelf
|e Default branch
|